Sport national par pays - Statistiques

Statistiques générales
  • Ce quiz a été pris 359 fois
  • Le résultat moyen est 2 sur 13
Statistiques - réponses
Depuis... Pays Sport % Correct
1994 Canada Lacrosse / Hockey sur glace
75%
1972 Brésil Capoeira
27%
1991 Sri Lanka Volleyball
23%
1993 Bahamas Cricket
20%
1976 Iran Varzesh-e Pahlavani / Lutte / Polo
18%
1962 Chili Rodéo
15%
1933 Mexique Charreria
8%
1953 Argentine Pato
8%
1972 Bangladesh Kabaddi
6%
2009 Philippines Arnis
4%
2000 Colombie Tejo
3%
1973 Népal Dandi Biyo
2%
2006 Uruguay Destrezas Criollas
2%
Aucun quiz correspondant
Distribution des résultats
% des personnes avec chaque résultat
Percentile par nombre de réponses
Votre historique - résultats
Vous n’avez pas pris ce quiz